| 000 | 00573cam a2200205ua 4500 | ||
|---|---|---|---|
| 020 | _c50.00 | ||
| 041 |
_aeng _h |
||
| 082 |
_a631.521 _bBIL/CH |
||
| 100 | _aBilgrami, K.S . | ||
| 245 |
_aChanges in Nutritional components of stored seeds due to fungal associations / _cK.S.Bilgrami. _hTextual Documents |
||
| 250 |
_a1 / _b. |
||
| 260 |
_aNew delhi : _bToday and Tomorrow`s printers & publishers , _c1979. |
||
| 300 | _a82 ; . | ||
| 365 | _a50.00 | ||
| 504 | _a | ||
| 700 | 1 | _aPrasad, T . | |
| 700 | 1 | _aSinha, R.K . | |
| 942 | _cBK | ||
| 999 |
_c1383 _d1383 |
||